| 000 | 00470cam a2200181ua 4500 | ||
|---|---|---|---|
| 001 | 11959 | ||
| 008 | 191206n ii |||gr||||Z||||||eng | ||
| 020 | _a9780198077459 | ||
| 040 | _cMAIN | ||
| 082 | _a301.352095487 | ||
| 100 |
_a M.N. Srinivas, _eAuthor. |
||
| 245 |
_aThe remembered village _cBy M.N. Srinivas |
||
| 250 | _a2nd ed. | ||
| 260 |
_aNew Delhi: _bOxford University Press , _c2015. |
||
| 300 | _a392p. | ||
| 653 | _aSociology & anthropology | ||
| 942 | _cBK | ||
| 999 |
_c10746 _d10746 |
||